Language Quiz

Random Language or Spanish Quiz

Spanish: Body Parts Quiz Stats

 Plays Quiz Updated Mar 19, 2020

Support Sporcle.
Go Orange.
Score 0/18 Timer 03:00
2 Plays Today
Body Part % Correct
la cabeza
88%
el ojo
87.8%
la mano
83.2%
el pie
82.4%
la boca
76.2%
la nariz
72%
el brazo
65.9%
el dedo de la mano
59.7%
el dedo del pie
59.7%
Body Part % Correct
la pierna
56.5%
la oreja
50.3%
la rodilla
48.8%
el pecho
43.5%
el cuello
41.3%
el hombro
39.9%
la cara
37.8%
la frente
29%
la cadera
12.1%

From the Vault

Pokémon (Gen IV)

by Ben

Gaming 12m
With this quiz, we now bring the total of Pokémon species to 493, which is only slightly less than the number of species of animals on the planet.
Remove Ads.
Support Sporcle.
Get the best of Sporcle when you Go Orange. This ad-free experience offers more features, more stats, and more fun while also helping to support Sporcle. Thank you for becoming a member.

Show Comments

Extras

Top Quizzes Today


Score Distribution

Your Account Isn't Verified!

In order to create a playlist on Sporcle, you need to verify the email address you used during registration. Go to your Sporcle Settings to finish the process.

Report this User

Report this user for behavior that violates our Community Guidelines.

Details: